[Event "Kolkata Rapid op"]
[Site "Kolkata"]
[Date "2024.05.04"]
[Round "1"]
[White "Baksi, Aditya"]
[Black "Sengupta, Deep"]
[Result "0-1"]
[WhiteElo "1443"]
[BlackElo "2403"]
[PlyCount "45"]
[EventDate "2024.05.04"]
[EventType "swiss (rapid)"]
[EventRounds "11"]
[EventCountry "IND"]
[SourceTitle "CB20_2024"]
[SourceDate "2024.05.16"]
[SourceVersion "1"]
[SourceVersionDate "2024.05.16"]
[SourceQuality "1"]

1. e4 e5 2. Nf3 Nc6 3. Bb5 a6 4. Ba4 Nf6 5. 0-0 d6 6. c3 Bd7 7. Re1 g6 8. d4 Bg7 9. Bxc6 Bxc6 10. dxe5 Nxe4 11. exd6 0-0 12. Bf4 Nxd6 13. Bxd6 cxd6 14. Na3 b5 15. Nc2 Bb7 16. a4 Qf6 17. axb5 axb5 18. Ncd4 Rab8 19. Qe2 b4 20. Qe7 Bxf3 21. Qxf6 Bxf6 22. gxf3 Rfc8 23. Re3 0-1